000 00698nam a22002297a 4500
008 131204b xxu||||| |||| 00| 0 eng d
020 _a1571813349
041 0 _aeng
080 _a342
245 1 0 _aCulture and Politics :
_cedited by Rik Pinkxten ; Ghislain Verstreate ; Chia Longman.
250 _aVolume 2
260 _aNew York :
_bBergbabn Books ;
_c2004.
300 _a141 f. :
_bme il. ;
_c23 cm.
500 _aPreface : f. [VII[-VIII
505 _aIndex : f. [135]-141
650 0 _aKultura
650 0 _aPolitika
700 _aPinxten, Rik ;
700 _aVerstraete, Ghislain ;
700 _aLongman, Chia ;
942 _2udc
_cBK
999 _c385
_d385